[Event "2nd Gujarat Open 2019"]
[Site "Ahmedabad, Gujarat"]
[Date "2019.09.24"]
[Round "4.32"]
[White "Zia, Tahsin Tajwar"]
[Black "Saypuri Srithan"]
[Result "1-0"]
[WhiteElo "2142"]
[BlackElo "1865"]
[Annotator "TA"]
[PlyCount "131"]
[EventDate "2019.09.22"]
[EventCountry "IND"]
[SourceTitle "playchess.com"]
[Source "ChessBase"]
[SourceQuality "1"]

{[%evp 18,131,11,7,30,0,0,0,0,0,0,15,21,10,12,6,48,0,4,0,2,0,0,0,0,0,0,0,0,0,0,-30,17,9,36,12,16,14,13,13,31,23,37,42,58,67,48,8,42,22,51,43,83,67,95,35,45,30,93,93,93,93,122,95,131,132,166,120,131,118,345,239,237,161,151,142,154,8,8,8,8,8,60,54,88,36,40,36,145,165,6414,6115,6103,5832,3183,3183,29978,29979,29979,29980,29980,29981,29983,29984,29984,29985,29985,29986,29990,29991,29991,29992,29992,29993,29993,29994]} 1. Nf3 Nf6 2. g3 g6 3. b3 Bg7 4. Bb2 O-O 5. Bg2 d6 6. c4 e5 7. O-O Nh5 8. Nc3 f5 9. d3 Nc6 10. e3 f4 {A15: English Opening: 1...Nf6} (10... Nf6 11. a3 a5 12. Rb1 h6 13. Ba1 g5 14. b4 axb4 15. axb4 Ne7 16. c5 Ng6 17. Qb3+ Kh7 18. cxd6 cxd6 19. Rfc1 g4 {½-½ (19) Bok,B (2645)-Van Foreest,J (2612) Amsterdam 2019}) 11. Ne1 fxe3 12. fxe3 Rxf1+ {The position is equal.} 13. Kxf1 Qg5 14. Qd2 Bg4 15. Ne4 Rf8+ 16. Kg1 Qf5 17. Nc2 (17. Nf2 $5 {[%cal Rh2h3]}) 17... Bh3 18. Qe2 Bg4 $146 19. Qd2 Bh3 20. Bxh3 Qxh3 21. Qg2 Qxg2+ 22. Kxg2 Nf6 23. Nxf6+ Bxf6 24. b4 {[%cal Bb3b4,Bb4b5][%mdl 32]} Bg5 25. Bc3 Ne7 26. b5 Nf5 27. Re1 Rf7 28. a4 h5 29. a5 Nh6 30. h3 Nf5 31. e4 Ng7 32. Nb4 Ne6 33. h4 Bh6 34. a6 $36 {[%mdl 2048] White has the initiative.} bxa6 35. Nxa6 Kh7 36. Re2 (36. Nb4 $16) 36... g5 $14 37. Rf2 Rxf2+ (37... Rg7 $11 {keeps the balance.} 38. hxg5 Bxg5) 38. Kxf2 $16 gxh4 39. gxh4 $11 {[%mdl 4096] Endgame KBN-KBN} Nf4 40. Nb4 Bg7 41. Bd2 {Bxf4 is the strong threat.} Ne6 42. Be3 Bf6 43. Kg3 Nf4 $2 (43... Kg8 $16 44. Bxa7 Kf8) 44. Bxf4 exf4+ 45. Kxf4 Bxh4 $18 {KB-KN} 46. Nd5 Bd8 47. d4 (47. Kf3 $16) 47... Kg6 $11 48. Kf3 Bf6 49. Nf4+ Kh6 ({Black should try} 49... Kf7 $11) 50. Ne6 $14 Kg6 {[#]} 51. d5 ({But not} 51. Nxc7 $6 Bxd4 52. Nd5 Kg5 $11) (51. Kf4 $1 $16) 51... Bc3 52. Nxc7 Bd4 (52... Kf6 $14) 53. Ne6 $16 Bb6 $2 {[#]} (53... Bc3 54. Nd8 Bd4) 54. e5 $1 $18 {[%cal Re5d6][%mdl 512]} dxe5 55. c5 Ba5 56. c6 Kf6 57. c7 {White mates.} Bxc7 58. Nxc7 {KN-K3P} Ke7 59. Ne6 h4 60. Ng5 Kf6 61. Ne4+ Kf5 62. d6 h3 63. d7 h2 64. Ng3+ Ke6 65. d8=Q e4+ 66. Kxe4 {Accuracy: White = 54%, Black = 46%.} 1-0

[Event "2nd Gujarat Open 2019"]
[Site "Ahmedabad, Gujarat"]
[Date "2019.09.24"]
[Round "4.33"]
[White "Kiran, Manisha Mohanty"]
[Black "Aditya P Melani"]
[Result "1-0"]
[WhiteElo "2102"]
[BlackElo "1847"]
[Annotator "TA"]
[PlyCount "93"]
[EventDate "2019.09.22"]
[EventCountry "IND"]
[SourceTitle "playchess.com"]
[Source "ChessBase"]
[SourceQuality "1"]

{[%evp 16,93,20,20,20,18,16,9,24,-9,9,13,32,31,95,46,44,-28,-29,-31,-30,-13,-17,-24,-10,-23,54,-52,0,0,0,0,0,0,0,-63,0,0,45,48,42,32,40,9,22,0,8,-16,-25,-31,-19,-69,-29,-43,0,-30,-10,-37,-6,-14,97,-6,8,0,437,405,430,395,485,492,507,495,662,504,490,474,468,480,754,727]} 1. e4 c5 2. Nf3 e6 3. d4 cxd4 4. Nxd4 Nf6 5. Nc3 Nc6 6. Ndb5 Bb4 7. a3 Bxc3+ 8. Nxc3 d5 9. Bd3 d4 {B45: Sicilian Four Knights} 10. Ne2 e5 11. O-O O-O {The position is equal.} 12. Ng3 Bg4 (12... Nd7 13. b4 Ne7 14. a4 Ng6 15. a5 Re8 16. c3 Nf6 17. Bb2 Bg4 {0-1 (42) Caruana,F (2818)-Yu,Y (2752) Saint Louis 2019}) 13. Qe1 Rc8 14. b4 Qd7 (14... Re8 $14) 15. f3 Be6 16. Bg5 (16. f4 $14 Ne7 17. h3 (17. fxe5 Ng4 $11)) 16... Ne8 $1 $11 17. Bd2 f6 $146 18. f4 Nd6 19. b5 Ne7 20. Nh5 Bf7 {[#]} (20... Nxb5 $2 21. Qg3 $1 $18 {[%mdl 512]}) (20... Bg4 $11 21. Ng3 exf4 22. Bxf4 Ng6) 21. Qh4 (21. Nxf6+ $1 $14 {[%mdl 512]} gxf6 22. Qg3+ Bg6 23. f5 {[%mdl 64] Pin}) 21... Ng6 ({Not} 21... Nxb5 $2 22. fxe5 Bxh5 23. exf6 $18 (23. Qxh5 fxe5 24. Bc4+ Kh8 $16)) ({Black should play} 21... Nc4 $15 22. Bb4 Bxh5 23. Qxh5 Ne3) 22. Qg3 $1 {aiming for fxe5.} exf4 23. Bxf4 Ne8 $1 ({But not} 23... Nxb5 $2 {[#]} 24. Bh6 $1 $18 {[%mdl 512]}) 24. Bd2 Bc4 25. Rf5 (25. a4 $11) 25... Be6 (25... Nd6 $15 26. Bxc4+ Nxc4) 26. Rf2 Bg4 27. Nf4 {Black must now prevent Nxg6.} Ne5 $1 28. Bb4 {Strongly threatening h3.} Rf7 $1 29. Nd5 Kh8 30. Raf1 {And now Qxe5! would win.} Be6 31. Nf4 Nd6 32. a4 Ndc4 33. h3 Nb2 34. Ra1 Nbc4 35. Rb1 Qe8 36. Be2 Rfc7 37. c3 Nd2 (37... Rd7 $11 {keeps the balance.}) 38. cxd4 (38. Bh5 $16 Nxe4 39. Bxe8 Nxg3 40. Nxe6) 38... Nxb1 (38... Nxe4 $5 39. Qe3 $8 Nxf2 40. dxe5 Bf5 $11) 39. dxe5 fxe5 $2 {[%mdl 8192]} (39... Nc3 $11 40. Bh5 Bf7 41. Bxf7 Qxf7) 40. Nxe6 $18 {[%mdl 64] Discovered Attack} Qxe6 41. Bg4 Qg6 42. Bxc8 {White is clearly winning.} Rxc8 43. Qd3 Rc1+ 44. Rf1 {White wants to mate with Qd8+.} Qg5 45. Rxc1 Qxc1+ 46. Qf1 Nc3 (46... Qe3+ $142 47. Kh1 Qb3 48. Qf8+ Qg8) 47. Bxc3 {Accuracy: White = 50%, Black = 35%.} ({Less strong is} 47. Qxc1 Ne2+ 48. Kf2 Nxc1 $16) 1-0

[Event "2nd Gujarat Open 2019"]
[Site "Ahmedabad, Gujarat"]
[Date "2019.09.24"]
[Round "4.34"]
[White "Nanal Arnav"]
[Black "Thanki, Hemal Karsanji"]
[Result "0-1"]
[WhiteElo "1587"]
[BlackElo "2098"]
[Annotator "NA RC"]
[PlyCount "78"]
[EventDate "2019.09.22"]
[EventCountry "IND"]
[SourceTitle "playchess.com"]
[Source "ChessBase"]
[SourceQuality "1"]
[TimeControl "5400+30"]

1. d4 {[%emt 0:00:00]} g6 {[%emt 0:00:00]} 2. Nf3 {[%emt 0:01:06]} Bg7 {[%emt 0:00:00]} 3. Bf4 {[%emt 0:01:17]} d6 {[%emt 0:00:00]} 4. e3 {[%emt 0:00:38]} Nd7 {[%emt 0:00:00]} 5. h3 {[%emt 0:01:01]} e5 {[%emt 0:00:55]} 6. Bh2 {[%emt 0:01:07]} Nh6 {[%emt 0:01:21]} 7. Be2 {[%emt 0:02:33]} O-O {[%emt 0:00:13]} 8. O-O {[%emt 0:01:00]} Kh8 {[%emt 0:02:56]} 9. Nbd2 {[%emt 0:04:15]} Qe7 {[%emt 0:00:56]} 10. c3 {[%emt 0:02:35]} e4 {[%emt 0:03:00]} 11. Ne1 {[%emt 0:00:12]} f5 {[%emt 0:00:13]} 12. Nc2 {[%emt 0:25:24]} Nf6 {[%emt 0:04:07]} 13. Kh1 {[%emt 0:10:30]} g5 {[%emt 0:06:00]} 14. Rg1 {[%emt 0:07:28]} f4 {[%emt 0:06:03]} 15. Qe1 {[%emt 0:15:03]} f3 {[%emt 0:06:48]} 16. Bf1 {[%emt 0:07:36]} g4 {[%emt 0:02:09]} 17. Bf4 {[%emt 0:08:38]} fxg2+ {[%emt 0:07:33]} 18. Rxg2 {[%emt 0:00:54]} gxh3 {[%emt 0:00:23]} 19. Rh2 {[%emt 0:00:35]} Qf7 {[%emt 0:25:48]} 20. Bxh3 {[%emt 0:01:49]} Nhg4 {[%emt 0:00:26]} 21. Rg2 {[%emt 0:05:39]} Qh5 {[%emt 0:01:51]} 22. Rg3 {[%emt 0:00:02]} Nd5 {[%emt 0:05:21]} 23. Kg2 {[%emt 0:01:29]} Rxf4 {[%emt 0:01:22]} 24. exf4 {[%emt 0:00:34]} Nxf4+ {[%emt 0:00:02]} 25. Kf1 {[%emt 0:00:22]} Nxh3 {[%emt 0:03:01]} 26. Qe2 {[%emt 0:00:36]} d5 {[%emt 0:03:11]} 27. Ne3 {[%emt 0:00:30]} Nf4 {[%emt 0:00:49]} 28. Qb5 {[%emt 0:00:32]} c6 {[%emt 0:01:01]} 29. Qa5 {[%emt 0:00:22]} Qh1+ {[%emt 0:01:50]} 30. Rg1 {[%emt 0:00:01]} Nh2+ {[%emt 0:00:01]} 31. Ke1 {[%emt 0:00:01]} Qxg1+ {[%emt 0:00:02]} 32. Ndf1 {[%emt 0:00:23]} Nd3+ {[%emt 0:00:54]} 33. Kd1 {[%emt 0:00:13]} Bg4+ {[%emt 0:00:32]} 34. Kc2 {[%emt 0:00:17]} Qxf2+ {[%emt 0:00:12]} 35. Kb3 {[%emt 0:00:03]} Qxb2+ {[%emt 0:00:22]} 36. Ka4 {[%emt 0:00:07]} b5+ {[%emt 0:00:21]} 37. Qxb5 {[%emt 0:00:05]} cxb5+ {[%emt 0:01:15]} 38. Ka5 {[%emt 0:00:06]} Qa3+ {[%emt 0:00:58]} 39. Kxb5 {[%emt 0:00:05]} Bd7# {[%emt 0:00:02]} 0-1

[Event "2nd Gujarat Open 2019"]
[Site "Ahmedabad, Gujarat"]
[Date "2019.09.24"]
[Round "4.35"]
[White "Shirodkar Aayush"]
[Black "Kumar, Gaurav"]
[Result "1/2-1/2"]
[WhiteElo "1456"]
[BlackElo "2096"]
[Annotator "NA RC"]
[PlyCount "122"]
[EventDate "2019.09.22"]
[EventCountry "IND"]
[SourceTitle "playchess.com"]
[Source "ChessBase"]
[SourceQuality "1"]
[TimeControl "5400+30"]

1. e4 {[%emt 0:00:00]} c5 {[%emt 0:00:00]} 2. d3 {[%emt 0:00:00]} Nc6 {[%emt 0:00:00]} 3. Nf3 {[%emt 0:00:00]} g6 {[%emt 0:00:39]} 4. g3 {[%emt 0:00:00]} Bg7 {[%emt 0:00:01]} 5. Bg2 {[%emt 0:00:00]} e6 {[%emt 0:00:01]} 6. O-O {[%emt 0:00:18]} Nge7 {[%emt 0:00:03]} 7. c3 {[%emt 0:00:38]} O-O {[%emt 0:01:28]} 8. Nbd2 {[%emt 0:00:30]} Rb8 {[%emt 0:00:10]} 9. a4 {[%emt 0:01:44]} a6 {[%emt 0:00:17]} 10. Nb3 {[%emt 0:01:57]} d6 {[%emt 0:00:52]} 11. a5 {[%emt 0:02:43]} b6 {[%emt 0:00:58]} 12. axb6 {[%emt 0:00:30]} Qxb6 {[%emt 0:00:02]} 13. Ra3 {[%emt 0:03:26]} a5 {[%emt 0:01:38]} 14. Bf4 {[%emt 0:03:38]} e5 {[%emt 0:00:35]} 15. Be3 {[%emt 0:01:02]} Be6 {[%emt 0:01:37]} 16. c4 {[%emt 0:03:39]} a4 {[%emt 0:01:47]} 17. Na1 {[%emt 0:02:40]} Qxb2 {[%emt 0:00:13]} 18. Rxa4 {[%emt 0:00:32]} Ra8 {[%emt 0:04:55]} 19. Rxa8 {[%emt 0:03:19]} Rxa8 {[%emt 0:00:25]} 20. Qb1 {[%emt 0:03:58]} Ra2 {[%emt 0:04:42]} 21. Bd2 {[%emt 0:05:26]} Nb4 {[%emt 0:00:32]} 22. Qxb2 Rxb2 23. Bc3 {[%emt 0:06:06]} Ra2 {[%emt 0:00:39]} 24. Bxb4 {[%emt 0:00:24]} cxb4 {[%emt 0:00:03]} 25. Rb1 {[%emt 0:00:08]} Bh6 {[%emt 0:18:21]} 26. Nb3 {[%emt 0:01:45]} Nc8 {[%emt 0:00:07]} 27. Bf1 {[%emt 0:12:58]} Nb6 {[%emt 0:04:51]} 28. c5 {[%emt 0:00:35]} Na4 {[%emt 0:00:52]} 29. cxd6 {[%emt 0:03:32]} Nc3 {[%emt 0:00:25]} 30. Ra1 {[%emt 0:02:52]} Rxa1 {[%emt 0:05:29]} 31. Nxa1 {[%emt 0:00:07]} Kf8 {[%emt 0:00:04]} 32. Nxe5 {[%emt 0:00:54]} b3 {[%emt 0:00:48]} 33. Nxb3 {[%emt 0:02:36]} Bxb3 {[%emt 0:00:10]} 34. Bh3 {[%emt 0:02:18]} Be6 {[%emt 0:00:39]} 35. Bxe6 {[%emt 0:00:38]} fxe6 {[%emt 0:00:04]} 36. d7 {[%emt 0:00:37]} Ke7 {[%emt 0:08:03]} 37. d8=Q+ Kxd8 {[%emt 0:00:02]} 38. Nf7+ {[%emt 0:01:35]} Ke7 {[%emt 0:00:01]} 39. Nxh6 {[%emt 0:00:01]} Ne2+ {[%emt 0:00:01]} 40. Kg2 {[%emt 0:00:42]} Nc1 {[%emt 0:00:02]} 41. d4 {[%emt 0:01:20]} Ne2 {[%emt 0:00:01]} 42. d5 {[%emt 0:00:21]} exd5 {[%emt 0:00:02]} 43. exd5 {[%emt 0:00:01]} Nc3 {[%emt 0:00:02]} 44. Ng8+ {[%emt 0:00:30]} Kd6 {[%emt 0:01:54]} 45. Nf6 {[%emt 0:00:07]} h5 {[%emt 0:00:12]} 46. f3 {[%emt 0:04:12]} Ke7 {[%emt 0:01:15]} 47. Ne4 {[%emt 0:00:19]} Nxd5 {[%emt 0:00:03]} 48. g4 {[%emt 0:00:17]} hxg4 {[%emt 0:06:02]} 49. fxg4 {[%emt 0:00:02]} Kf7 {[%emt 0:00:02]} 50. h4 {[%emt 0:00:14]} Kf8 {[%emt 0:00:14]} 51. Kg3 {[%emt 0:00:08]} Kg7 {[%emt 0:00:02]} 52. g5 {[%emt 0:00:26]} Ne3 {[%emt 0:00:36]} 53. Nf6 {[%emt 0:01:23]} Nf5+ {[%emt 0:00:14]} 54. Kg4 {[%emt 0:00:02]} Ne3+ {[%emt 0:00:21]} 55. Kh3 {[%emt 0:00:08]} Nf5 {[%emt 0:00:13]} 56. Ne4 {[%emt 0:00:44]} Kf7 {[%emt 0:00:17]} 57. Nc5 {[%emt 0:00:06]} Ne3 {[%emt 0:00:28]} 58. Nd3 {[%emt 0:00:10]} Ke6 {[%emt 0:00:15]} 59. Nf4+ {[%emt 0:00:28]} Kf5 {[%emt 0:00:21]} 60. h5 {[%emt 0:00:32]} Kxg5 {[%emt 0:01:38]} 61. hxg6 {[%emt 0:00:21]} Nf5 1/2-1/2

[Event "2nd Gujarat Open 2019"]
[Site "Ahmedabad, Gujarat"]
[Date "2019.09.24"]
[Round "4.36"]
[White "Barath Kalyan M"]
[Black "Shah, Vishwa"]
[Result "1-0"]
[WhiteElo "2092"]
[BlackElo "1760"]
[Annotator "NA RC"]
[PlyCount "59"]
[EventDate "2019.09.22"]
[EventCountry "IND"]
[SourceTitle "playchess.com"]
[Source "ChessBase"]
[SourceQuality "1"]
[TimeControl "5400+30"]

1. a3 {[%emt 0:01:04]} Nf6 {[%emt 0:00:00]} 2. Nf3 {[%emt 0:00:16]} g6 {[%emt 0:00:18]} 3. b4 {[%emt 0:00:56]} Bg7 {[%emt 0:00:27]} 4. Bb2 {[%emt 0:00:06]} d6 {[%emt 0:05:57]} 5. c4 {[%emt 0:00:44]} c5 {[%emt 0:02:28]} 6. g3 {[%emt 0:03:33]} b6 {[%emt 0:00:48]} 7. Bg2 {[%emt 0:00:07]} Bb7 {[%emt 0:00:04]} 8. O-O {[%emt 0:00:18]} O-O {[%emt 0:00:06]} 9. Qb3 {[%emt 0:06:09]} Qc7 {[%emt 0:03:28]} 10. Nc3 {[%emt 0:01:01]} a6 {[%emt 0:00:59]} 11. Rac1 {[%emt 0:02:31]} Nbd7 {[%emt 0:00:31]} 12. Nd5 {[%emt 0:03:35]} Nxd5 {[%emt 0:02:33]} 13. Bxg7 {[%emt 0:00:13]} Kxg7 {[%emt 0:00:13]} 14. cxd5 {[%emt 0:00:06]} Rac8 {[%emt 0:05:30]} 15. d3 {[%emt 0:03:41]} Qb8 {[%emt 0:03:18]} 16. Nd2 {[%emt 0:09:14]} Qa8 {[%emt 0:06:25]} 17. e4 {[%emt 0:02:37]} b5 {[%emt 0:02:16]} 18. Qb2+ {[%emt 0:09:44]} Kg8 {[%emt 0:00:16]} 19. Nb3 {[%emt 0:06:29]} Ne5 {[%emt 0:08:22]} 20. Nxc5 {[%emt 0:02:11]} dxc5 {[%emt 0:15:26]} 21. Qxe5 {[%emt 0:00:09]} cxb4 {[%emt 0:00:03]} 22. axb4 {[%emt 0:00:20]} Rfe8 {[%emt 0:00:12]} 23. h4 {[%emt 0:00:52]} a5 {[%emt 0:04:43]} 24. h5 {[%emt 0:02:42]} axb4 {[%emt 0:07:16]} 25. h6 {[%emt 0:00:59]} f6 {[%emt 0:00:05]} 26. Qe6+ {[%emt 0:00:05]} Kf8 {[%emt 0:00:14]} 27. d6 {[%emt 0:01:39]} Qa6 {[%emt 0:01:02]} 28. e5 {[%emt 0:01:43]} Rc3 {[%emt 0:01:51]} 29. exf6 {[%emt 0:02:03]} exd6 {[%emt 0:02:22]} 30. Qd7 {[%emt 0:00:09]} 1-0

[Event "2nd Gujarat Open 2019"]
[Site "Ahmedabad, Gujarat"]
[Date "2019.09.25"]
[Round "5.1"]
[White "Das, Sayantan"]
[Black "Rozum, Ivan"]
[Result "*"]
[WhiteElo "2434"]
[BlackElo "2596"]
[Annotator "RC"]
[PlyCount "44"]
[EventDate "2019.09.22"]
[EventCountry "IND"]
[SourceTitle "playchess.com"]
[Source "ChessBase"]
[SourceQuality "1"]
[TimeControl "5400+30"]

1. e4 {[%emt 0:03:00]} c6 {[%emt 0:05:20]} 2. d4 {[%emt 0:00:28]} d5 {[%emt 0:00:05]} 3. exd5 {[%emt 0:00:38]} cxd5 {[%emt 0:00:05]} 4. Bd3 {[%emt 0:00:05]} Nc6 {[%emt 0:00:09]} 5. c3 {[%emt 0:00:07]} Nf6 {[%emt 0:02:22]} 6. h3 {[%emt 0:00:16]} g6 {[%emt 0:00:59]} 7. Qc2 {[%emt 0:02:45]} e5 {[%emt 0:06:08]} 8. dxe5 {[%emt 0:01:13]} Nxe5 {[%emt 0:00:02]} 9. Bb5+ {[%emt 0:02:35]} Bd7 {[%emt 0:01:36]} 10. Bxd7+ {[%emt 0:03:33]} Qxd7 {[%emt 0:00:09]} 11. Ne2 {[%emt 0:00:27]} Bg7 {[%emt 0:02:03]} 12. O-O {[%emt 0:00:56]} O-O {[%emt 0:00:04]} 13. Nd2 {[%emt 0:03:29]} Rfe8 {[%emt 0:09:54]} 14. Nb3 {[%emt 0:04:43]} Nc4 {[%emt 0:00:30]} 15. Bf4 {[%emt 0:11:47]} b5 {[%emt 0:07:07]} 16. Rad1 {[%emt 0:06:17]} Qb7 {[%emt 0:03:57]} 17. a3 {[%emt 0:03:44]} Rac8 {[%emt 0:03:14]} 18. Bc1 {[%emt 0:04:32]} Rc7 {[%emt 0:09:51]} 19. Nf4 {[%emt 0:04:20]} Rcc8 {[%emt 0:05:57]} 20. f3 {[%emt 0:08:40]} Ne3 {[%emt 0:03:36]} 21. Bxe3 {[%emt 0:00:26]} Rxe3 {[%emt 0:00:02]} 22. Qf2 {[%emt 0:05:01]} Ree8 {[%emt 0:03:05]} *

[Event "2nd Gujarat Open 2019"]
[Site "Ahmedabad, Gujarat"]
[Date "2019.09.25"]
[Round "5.2"]
[White "Lugovskoy, Maxim"]
[Black "Chanda, Sandipan"]
[Result "1/2-1/2"]
[WhiteElo "2422"]
[BlackElo "2529"]
[Annotator "TA"]
[PlyCount "72"]
[EventDate "2019.09.22"]
[EventCountry "IND"]
[SourceTitle "playchess.com"]
[Source "ChessBase"]
[SourceQuality "1"]

{[%evp 15,72,17,18,2,38,37,26,29,29,22,37,39,37,31,39,20,22,9,9,14,12,0,47,0,0,-39,0,0,0,0,9,10,105,89,84,74,178,146,177,178,178,184,130,0,0,0,0,0,0,0,0,0,0,0,0,0,0,0,0]} 1. Nf3 f5 2. d3 Nc6 3. d4 e6 4. g3 Nf6 5. Bg2 d6 6. c4 e5 7. dxe5 dxe5 8. Qxd8+ Kxd8 9. Nc3 {A20: English Opening: 1...e5} (9. Ng5 Nd4 10. Nf7+ Ke8 11. Nxh8 Nc2+ 12. Kd2 Nxa1 13. b3 Bb4+ 14. Nc3 c6 15. Bb2 Nxb3+ 16. axb3 Be6 {½-½ (43) Demuth,A (2558)-Ekstroem,R (2376) Graechen 2017}) 9... Be6 10. b3 Bb4 $146 ({Predecessor:} 10... h6 11. Bb2 Kc8 12. O-O Rg8 13. Nd5 Nxd5 14. cxd5 Bxd5 15. Nxe5 Bxg2 16. Kxg2 Nxe5 17. Bxe5 {1-0 (65) Kaid,A (2281)-Posazhennikov,A (2228) Sunningdale 2006}) 11. Bb2 {White has an edge.} Ke7 12. a3 Bxc3+ 13. Bxc3 e4 14. Nd4 Nxd4 15. Bxd4 Rhd8 16. O-O-O b5 17. f3 bxc4 18. b4 a5 19. b5 a4 20. g4 Rab8 21. gxf5 Bxf5 22. fxe4 Bg4 23. e5 $36 {[%mdl 2048] White has the initiative.} Nd5 (23... Nh5 $1 $11 {remains equal.}) 24. Bf2 $1 $16 Ke6 {[#] Hoping for ...Nc3.} 25. Rd4 $1 {[%csl LRc4,LRg4][%cal Rd4g4]} Bxe2 {[#]} (25... h5 $16) 26. Bh3+ $1 $18 Kxe5 {Threatens to win with ...Nf4.} 27. Re1 $1 {[%csl LRc4,LRe2]} Nc3 28. Rxd8 Rxd8 29. Kc2 ({Better is} 29. Bg4 $16) 29... Rd3 $11 {The position is equal.} 30. Bf1 Kf4 {White must now prevent ...Bxf1.} 31. Bxe2 Nxe2 32. Rxe2 {And now Re7 would win. KRB-KR} Kf3 33. Re7 {[%mdl 64] Double Attack} Kxf2 34. Rxg7 Rxa3 35. Rxh7 Rb3 36. Rxc7 Rxb5 {Accuracy: White = 73%, Black = 40%.} 1/2-1/2

[Event "2nd Gujarat Open 2019"]
[Site "Ahmedabad, Gujarat"]
[Date "2019.09.25"]
[Round "5.3"]
[White "Rathnakaran, K.."]
[Black "Saptarshi, Roy"]
[Result "0-1"]
[WhiteElo "2325"]
[BlackElo "2480"]
[Annotator "ChessBase"]
[PlyCount "78"]
[EventDate "2019.09.22"]
[EventCountry "IND"]
[SourceTitle "playchess.com"]
[Source "ChessBase"]
[SourceQuality "1"]
[TimeControl "5400+30"]

1. e4 {[%emt 0:02:40]} e5 {[%emt 0:00:00]} 2. Nf3 {[%emt 0:00:04]} Nc6 {[%emt 0:00:00]} 3. Bc4 {[%emt 0:00:04]} Nf6 {[%emt 0:00:05]} 4. d3 {[%emt 0:00:04]} Be7 {[%emt 0:00:06]} 5. Nc3 {[%emt 0:00:11]} d6 {[%emt 0:00:14]} 6. a3 {[%emt 0:00:10]} O-O {[%emt 0:00:07]} 7. Ba2 {[%emt 0:00:22]} Be6 {[%emt 0:02:19]} 8. Nd5 {[%emt 0:00:05]} Bxd5 {[%emt 0:01:36]} 9. exd5 {[%emt 0:00:05]} Nd4 {[%emt 0:00:39]} 10. c3 {[%emt 0:00:08]} Nxf3+ {[%emt 0:00:06]} 11. Qxf3 {[%emt 0:00:08]} Qd7 {[%emt 0:01:17]} 12. h3 {[%emt 0:00:06]} Rae8 {[%emt 0:01:08]} 13. Be3 {[%emt 0:02:16]} Qa4 {[%emt 0:00:48]} 14. Qd1 {[%emt 0:07:41]} Qxd1+ {[%emt 0:00:22]} 15. Kxd1 {[%emt 0:00:08]} Nd7 {[%emt 0:01:38]} 16. Kc2 {[%emt 0:00:05]} f5 {[%emt 0:00:15]} 17. g4 {[%emt 0:00:12]} Bh4 {[%emt 0:02:12]} 18. Rh2 {[%emt 0:00:44]} f4 {[%emt 0:02:49]} 19. Bd2 {[%emt 0:00:16]} e4 {[%emt 0:01:43]} 20. dxe4 {[%emt 0:03:31]} Ne5 {[%emt 0:01:59]} 21. Rg2 {[%emt 0:08:34]} Nf3 {[%emt 0:00:59]} 22. Bc4 {[%emt 0:00:09]} Rxe4 {[%emt 0:04:10]} 23. Bd3 {[%emt 0:00:09]} Re5 {[%emt 0:06:05]} 24. c4 {[%emt 0:01:30]} Nxd2 {[%emt 0:07:07]} 25. Kxd2 {[%emt 0:00:07]} f3 {[%emt 0:00:04]} 26. Rh2 {[%emt 0:00:16]} Rfe8 {[%emt 0:00:05]} 27. Rf1 {[%emt 0:00:48]} g6 {[%emt 0:01:24]} 28. Kc2 {[%emt 0:01:07]} Kg7 {[%emt 0:00:39]} 29. Rhh1 {[%emt 0:00:24]} Kf6 {[%emt 0:00:09]} 30. a4 {[%emt 0:02:19]} Kg5 {[%emt 0:02:00]} 31. a5 {[%emt 0:01:16]} Kf4 {[%emt 0:00:13]} 32. a6 {[%emt 0:00:05]} b6 {[%emt 0:00:20]} 33. Kc3 {[%emt 0:00:40]} Re2 {[%emt 0:00:47]} 34. b3 {[%emt 0:08:27]} Rxf2 {[%emt 0:02:57]} 35. Rxf2 {[%emt 0:00:26]} Bxf2 {[%emt 0:00:02]} 36. Kb4 {[%emt 0:00:39]} Bc5+ {[%emt 0:01:49]} 37. Kb5 {[%emt 0:00:05]} Re3 {[%emt 0:00:04]} 38. Bf1 {[%emt 0:03:28]} Rxb3+ {[%emt 0:01:14]} 39. Kc6 {[%emt 0:00:03]} b5 {[%emt 0:01:10]} 0-1

[Event "2nd Gujarat Open 2019"]
[Site "Ahmedabad, Gujarat"]
[Date "2019.09.25"]
[Round "5.4"]
[White "Vasquez Schroeder, Rodrigo"]
[Black "Sidhant, Mohapatra"]
[Result "1-0"]
[WhiteElo "2476"]
[BlackElo "2357"]
[Annotator "TA"]
[PlyCount "79"]
[EventDate "2019.09.22"]
[EventCountry "IND"]
[SourceTitle "playchess.com"]
[Source "ChessBase"]
[SourceQuality "1"]

{[%evp 23,79,18,14,0,0,0,4,11,15,-21,30,8,18,8,40,5,25,0,35,4,3,4,10,15,36,39,37,37,87,0,0,-1874,-861,-1718,-843,-977,-972,-1375,158,145,145,145,206,183,272,270,344,322,340,313,312,293,387,380,445,360,706,694]} 1. e4 e5 2. Nf3 Nc6 3. Bc4 Bc5 4. c3 Nf6 5. d3 a6 6. Bb3 O-O 7. O-O d6 8. h3 {C54: Giuoco Piano: 4 c3 Nf6, main lines with 5 d4 and 5 d3} h6 9. Re1 Re8 10. Nbd2 Be6 11. Bc2 (11. Nf1 Bxb3 12. axb3 d5 13. Qe2 Qd7 14. Ng3 Rad8 15. Nh4 dxe4 16. Nxe4 Nxe4 17. dxe4 {0-1 (58) Nepomniachtchi,I (2775)-Anand,V (2764) Paris 2019}) 11... d5 12. exd5 Bxd5 {LiveBook: 23 Games} 13. Qe2 Ba7 14. Ne4 Nxe4 15. dxe4 Be6 16. b4 $146 b5 ({Black should play} 16... Qf6) 17. Bd3 Qd7 18. Rd1 {With the idea Bxb5.} Red8 (18... Qe7 {is more complex.} 19. Rd2 Qf6 20. Kh1 Ne7 21. a4 c6) 19. Be3 {[#] aiming for Bxb5.} Qe7 20. Bxa7 Rxa7 21. Nd2 Nb8 22. Nb3 Bxb3 23. axb3 c6 24. Qe3 Rad7 25. Be2 Rd6 26. Rd3 (26. Qb6 $16 Qe8 27. Qc5) 26... Rxd3 $11 27. Bd1 $2 {[%mdl 8192] [#]} (27. Bxd3 $11 Qg5 28. Qxg5 hxg5 29. Rd1) 27... R8d6 28. Bg4 Qd8 29. Qc5 Qc7 30. h4 Rd1+ $2 ({Better is} 30... Nd7 $19 31. Bxd7 Qxd7 32. Qxe5 Qg4) 31. Rxd1 $16 Rxd1+ 32. Bxd1 Qd8 (32... a5 $16 {was called for.}) 33. Bf3 $18 Qd2 (33... Qf6 $142) 34. g3 (34. Qxe5 Qc1+ 35. Kh2 Nd7 $16) 34... Nd7 35. Qxc6 g6 36. Bg4 (36. Qxa6 Qxc3 37. Qxb5 Qxf3 $16) 36... Nf8 37. Bc8 ({Resist} 37. Qxa6 $6 Qe1+ 38. Kg2 h5 $18) 37... Kg7 38. Kg2 g5 39. Qc5 Ng6 $2 (39... gxh4 40. Qxe5+ Kg8 41. gxh4 (41. Bxa6 h3+ 42. Kxh3 Qxf2 $18) 41... Ng6) 40. h5 {Accuracy: White = 57%, Black = 33%.} 1-0